• 首页
  • 本馆介绍
  • 公告通知
  • 最新文献
  • 馆藏检索
  • 电子资源
  • 读者导购
  • 参考咨询
  • 我的图书馆
  • 登录
  • 详细信息显示
  • 放入我的书架
  • 预约/预借图书
  • 作者相关作品
  • 分类相关作品
  • 丛书相关作品
  • 出版社相关作品

书目信息

  • 表格格式
  • 工作单格式
  • 卡片格式
题名:
战国谣
    
 
作者: 傅剑仁 著
分册:  
出版信息: 石家庄   花山文艺出版社  2018
页数: 260页
开本: 24cm
丛书名:
单 册:
中图分类: K207-53 , I267
科图分类:
主题词: 文史--wen shi--研究--中国--文集 , 散文集--San Wen Ji--中国--当代
电子资源:
ISBN: 978-7-5511-1755-5
000 00931cam0 2200265 450
001 012001007770
005 20130121134625.0
010    @a978-7-5511-1755-5@dCNY35.00
099    @aCAL 012018048046
100    @a20180428d2018 ekmy0chiy50 ea
101 0  @achi
102    @aCN@b130000
105    @ay z 000yy
106    @ar
200 1  @a战国谣@AZhan Guo Yao@f傅剑仁著
210    @a石家庄@c花山文艺出版社@d2018
215    @a260页@d24cm
330    @a本书是一部历史散文集,战国时期的社会变革、军事斗争、思想争鸣、计谋较量等等,在该书中都有系统地阐述。作者以直白晓畅却又不失深刻厚重的写作手法,展现了这个战乱纷争的辉煌时代,这段波澜壮阔的争霸历史,做到了宏观与微观的结合。
606 0  @a文史@Awen shi@x研究@y中国@j文集
606 0  @a散文集@ASan Wen Ji@y中国@z当代
690    @aK207-53@v5
690    @aI267@v4
701  0 @a傅剑仁@AFu Jian Ren@4著
801  2 @aCN@b上海新华@c20191020
905    @b1134048-52@dK207-53@e149@f5
    
    战国谣/傅剑仁著.-石家庄:花山文艺出版社,2018
    260页;24cm
    
    
    ISBN 978-7-5511-1755-5:CNY35.00
    本书是一部历史散文集,战国时期的社会变革、军事斗争、思想争鸣、计谋较量等等,在该书中都有系统地阐述。作者以直白晓畅却又不失深刻厚重的写作手法,展现了这个战乱纷争的辉煌时代,这段波澜壮阔的争霸历史,做到了宏观与微观的结合。
●
相关链接 在E读中查询图书 在五车中查询图书 在当当中查询图书 在豆瓣中查询图书


正题名:战国谣     索取号:K207-53/149         预约/预借

序号 登录号 条形码 馆藏地/架位号 状态 备注
1 1134048   211340486   第二样本阅览室/ [索取号:K207-53/149] 在馆    
2 1134049   211340495   第二借阅区/ [索取号:K207-53/149] 在馆    
3 1134050   211340501   第二借阅区/ [索取号:K207-53/149] 在馆    
4 1134051   211340510   第二借阅区/ [索取号:K207-53/149] 在馆    
5 1134052   211340529   第二借阅区/ [索取号:K207-53/149] 在馆    
唐山师范学院图书馆 欢迎您!
大连网信软件有限公司© 版权所有